Evolving Business Models in Ecosystem of Disruotive Technologies and Social Media / (Record no. 5226)

MARC details
000 -LEADER
fixed length control field 00656nam a2200181 a 4500
005 - DATE AND TIME OF LATEST TRANSACTION
control field 20260112063328.0
020 ## - INTERNATIONAL STANDARD BOOK NUMBER
International Standard Book Number 9789388630078
039 ## - LEVEL OF BIBLIOGRAPHIC CONTROL AND CODING DETAIL [OBSOLETE]
Level of rules in bibliographic description 202111171024
Level of effort used to assign nonsubject heading access points staff
Level of effort used to assign subject headings 202111171023
Level of effort used to assign classification staff
-- 201910161216
-- staff
082 ## - DEWEY DECIMAL CLASSIFICATION NUMBER
Classification number 658.4012
Item number DEY [ Shelf 51 ]
100 ## - MAIN ENTRY--PERSONAL NAME
Personal name Dey, Ajoy Kumar
245 ## - TITLE STATEMENT
Title Evolving Business Models in Ecosystem of Disruotive Technologies and Social Media /
Statement of responsibility, etc. edited by Ajoy Kumar Dey & Hanna Lehtimaki
260 ## - PUBLICATION, DISTRIBUTION, ETC.
Place of publication, distribution, etc. New Delhi :
Name of publisher, distributor, etc. Bloomsbury ,
Date of publication, distribution, etc. 2019
300 ## - PHYSICAL DESCRIPTION
Extent xv , 366p. :
Other physical details ill ;
Dimensions 24 cm
700 ## - ADDED ENTRY--PERSONAL NAME
Personal name & Lehtimaki, Hanna
991 ## -
-- VIRTUA40
991 ## -
-- VTLSSORT0080*0200*0820*1000*2450*2600*3000*7000*9992
909 ## -
-- 5776
Holdings
Withdrawn status Lost status Damaged status Not for loan Home library Current library Date acquired Total checkouts Full call number Barcode Copy number Koha item type
        Indian Institute Of Management, Shillong Indian Institute Of Management, Shillong 17/11/2021   658.4012 DEY [ Shelf 51 ] 0012375 1 Book
        Indian Institute Of Management, Shillong Indian Institute Of Management, Shillong 17/11/2021   658.4012 DEY [ Shelf 51 ] 0012374   Reference
Copyright © 2026 Indian Institute of Management Shillong. All Rights Reserved.